000 00585nam a2200193Ia 4500
003 GCL
008 140319s9999 xx 000 0 ara d
040 _aGCL /
_cGCL
082 0 4 _a415.1
_bب ا
100 1 _aبدرالدين حاضرى
245 1 0 _aالاعراب الواضح مع تطبيقات عروضية وبلاغية /
_cبدرالدين حاضرى
260 _a[S.N] :
_bدار الشرق العربى
300 _a220 ص
490 _a
650 0 4 _aالنحو
650 0 4 _aاللغة العربية
650 0 4 _aالبلاغة العربية
942 _2ddc
_cBK
999 _c55477
_d55477